LDR 01102naa#a2200253#i#450# 001 EN\\bibl\116862 005 20260415153140.3 011 ## _a2076-0655 100 ## _a20251227b2025####ek#y0engy0150####ca 101 0# _aRUS 102 ## _aRU 200 1# _aDECORATIVE COMPOSITE MATERIAL BASED ON WASTE RECYCLING OF CROSS-LINKED POLYETHYLENE AND BUILDING CERAMICS _eJournal article 210 1# _aMoscow _cIndividual Entrepreneur Svetlana Vasilievna Samchenko _d2025 215 ## _a11 с. 606 ## _aТехника и технологии строительства. 08.06.01 _2local 608 ## _aJournal article _2local 675 ## _aБетоны. Бетонные и железобетонные изделия. 691.32 _zRUS 686 ## _aСтроительные материалы и изделия. 383 _2bbk 686 ## _aПрочие издания. 546 _2tbk 686 ## _aСтроительные материалы и изделия. 67.09 _2grnti 700 #1 _aBaruzdin _gAleksandr Andreevich 700 #1 _aZakrevskaya _gLyubov Vladimirovna 700 #1 _aDobrokhotov _gVladimir Borisovich 856 4# _atsilicates.ru _u